Φορτώνει......
Metabolome analysis :an introduction
| Κύριος συγγραφέας: | |
|---|---|
| Μορφή: | Printed Book |
| Γλώσσα: | English |
| Έκδοση: |
New Jersy
Wiley
2007
|
| LEADER | 00450nam a22001337a 4500 | ||
|---|---|---|---|
| 005 | 20151028162316.0 | ||
| 008 | 090905t xxu||||| |||| 00| 0 eng d | ||
| 082 | |a 574.876 1 |b P7 | ||
| 100 | |a Villas-Boas,Silas G |9 20819 | ||
| 245 | |a Metabolome analysis |b :an introduction | ||
| 942 | |c BK |6 _ | ||
| 260 | |a New Jersy |b Wiley |c 2007 | ||
| 999 | |c 79471 |d 79471 | ||
| 952 | |0 0 |1 0 |2 ddc |4 0 |6 574876_1P7 |7 0 |9 92707 |a SOS |b SOS |d 2010-03-10 |o 574.876 1 P7 |p MS014060 |r 2013-06-14 |w 2009-09-05 |y BK | ||